000 00348 a2200109 4500
020 _a9780863411861
920 _a978-0-86341-186-1
100 1 _aDavies, Kenneth.
_eAutor
245 0 _aIonospheric Radio /
_cDavies Kenneth.
710 2 _aThe Institution of Engineering and Technology.
_eWydawca
_4pbl
260 _aLondon :
_bIET,
_c1990.
300 _aXX, 580 s.:
_bil.;
_c25 cm.
999 _c17802
_d17802